| 000 | 00718cam a22002414a 4500 | ||
|---|---|---|---|
| 001 | 121490 | ||
| 005 | 20230411085948.0 | ||
| 008 | 100405s2004 mx 000 0 spa | ||
| 020 | _a9707015209 | ||
| 035 | _a(MxMxBFM)bfm970125043 | ||
| 040 |
_aDLC _cDLC |
||
| 100 | 1 | _aVázquez Rigada, Fernando. | |
| 245 | 1 | 3 |
_aUn Paíis para todos : _bEl sistema político mexicano del siglo XXI / _cFernando Vázquez Rigada. |
| 260 |
_aMéxico, D.F. : _bMiguel Angel Porrúa, _c2004. |
||
| 300 |
_a279 p. ; _ccm. |
||
| 650 | 4 | _aCRV | |
| 650 | 4 | _aColección René Villarreal. | |
| 653 | 1 | _aPolitical Science, Politics | |
| 923 |
_d20100219 _n62329 _sMxMxBFM |
||
| 942 |
_2lcc _cbk |
||
| 946 | _almd | ||
| 985 | _eVENDOR LOAD | ||
| 999 |
_c110066 _d110066 |
||